মাইকেল মধুসূদন: (Record no. 25984)

MARC details
000 -LEADER
fixed length control field 00640nam a22001817a 4500
003 - CONTROL NUMBER IDENTIFIER
control field BDDh-ASL
005 - DATE AND TIME OF LATEST TRANSACTION
control field 20231015030601.0
008 - FIXED-LENGTH DATA ELEMENTS--GENERAL INFORMATION
fixed length control field 210922s1941 b ||||| |||| 00| 0 b d
040 ## - CATALOGING SOURCE
Transcribing agency BDDh-ASL
082 ## - DEWEY DECIMAL CLASSIFICATION NUMBER
Classification number 928.9144
Item number BIM
100 1# - MAIN ENTRY--PERSONAL NAME
9 (RLIN) 1823
Personal name বিশী, শ্রীপ্রমথনাথ
245 10 - TITLE STATEMENT
Title মাইকেল মধুসূদন:
Remainder of title জীবন-ভয় /
246 ## - VARYING FORM OF TITLE
Title proper/short title Mickel Madhusudan
260 ## - PUBLICATION, DISTRIBUTION, ETC.
Place of publication, distribution, etc. কলকাতা:
Name of publisher, distributor, etc. মিত্রালয়,
Date of publication, distribution, etc. ১৯৪১।
300 ## - PHYSICAL DESCRIPTION
Extent ১২০ পৃষ্ঠা, :
Dimensions ২২ সে. মি.
650 #0 - SUBJECT ADDED ENTRY--TOPICAL TERM
9 (RLIN) 1339
Topical term or geographic name entry element Biography
General subdivision Mickel Madhusadan
942 ## - ADDED ENTRY ELEMENTS (KOHA)
Source of classification or shelving scheme Dewey Decimal Classification
Koha item type Books
Holdings
Withdrawn status Lost status Source of classification or shelving scheme Damaged status Not for loan Collection code Home library Current library Shelving location Date acquired Source of acquisition Total Checkouts Full call number Barcode Date last seen Copy number Price effective from Koha item type Public note
    Dewey Decimal Classification   Not For Loan Non-fiction Asiatic Society Library Asiatic Society Library General Stacks 09/22/2021 Donated by Prof. (Dr.) M. Abdul Qayyum & Dr. Razia Sultana   928.9144 BIM 111824 09/22/2021 C-1 09/22/2021 Books RARE

Powered by Koha